Quantitative Aptitude (Kannada) (Record no. 1342)

MARC details
000 -LEADER
fixed length control field 00312nam a22001217a 4500
008 - FIXED-LENGTH DATA ELEMENTS--GENERAL INFORMATION
fixed length control field 260429b |||||||| |||| 00| 0 eng d
020 ## - INTERNATIONAL STANDARD BOOK NUMBER
International Standard Book Number 9789373594163
100 ## - MAIN ENTRY--PERSONAL NAME
Personal name Agarwal, R S
245 ## - TITLE STATEMENT
Title Quantitative Aptitude (Kannada)
260 ## - PUBLICATION, DISTRIBUTION, ETC.
Place of publication, distribution, etc. New Delhi
Name of publisher, distributor, etc. S Chand and Company Ltd
Date of publication, distribution, etc. 2026
300 ## - PHYSICAL DESCRIPTION
Extent 758p
942 ## - ADDED ENTRY ELEMENTS (KOHA)
Source of classification or shelving scheme Dewey Decimal Classification
Holdings
Withdrawn status Lost status Source of classification or shelving scheme Damaged status Not for loan Home library Current library Shelving location Date acquired Source of acquisition Inventory number Total Checkouts Full call number Barcode Date last seen Price effective from Koha item type
    Dewey Decimal Classification     Karnataka Samskrit University Library Karnataka Samskrit University Library General Stacks 03/31/2026 Book Paradise 11654   002043 002043 04/29/2026 04/29/2026 Books
    Dewey Decimal Classification     Karnataka Samskrit University Library Karnataka Samskrit University Library General Stacks 03/31/2026 Book Paradise 11654   002043 002044 04/29/2026 04/29/2026 Books
    Dewey Decimal Classification     Karnataka Samskrit University Library Karnataka Samskrit University Library General Stacks 03/31/2026 Book Paradise 11654   002043 002045 04/29/2026 04/29/2026 Books

Powered by Koha